Normal view
MARC view
Entry Personal Name
001 - CONTROL NUMBER
- control field: 33135
003 - CONTROL NUMBER IDENTIFIER
- control field: OSt
005 - DATE AND TIME OF LATEST TRANSACTION
- control field: 20220916105458.0
008 - FIXED-LENGTH DATA ELEMENTS
- fixed length control field: 220916|| aca||aabn | a|a d
040 ## - CATALOGING SOURCE
- Original cataloging agency: OSt
- Transcribing agency: OSt
100 ## - HEADING--PERSONAL NAME
- Personal name: Lakshmanasamy, T. and Maya, K.
670 ## - SOURCE DATA FOUND
- Source citation: Work cat.: (OSt)519852: Lakshmanasamy, T. and Maya, K. , Does money buy happiness in India? Panel estimation of the long-run relationship between income and subjective well-being across states
